Plants that belong to crucifers family (Brassicaceae) - sudden death - Statistics

General Stats
  • This quiz has been taken 30 times
  • The average score is 9 of 16
Answers on the Grid
Answers color-coded by a green-red scale on the quiz's grid according to % correct below.
Cabbage
Kale
Lettuce
Carrot
Horseradish
Black pepper
Black mustard
Broccoli
Caraway
Turnip
Sugarbeet
Burssels sprout
Collard
Sorrel
Common radish
Chinese cabbage
Sunflower
Cauliflower
Common chicory
White mustard
Pumpkin
Candytuft (Iberis)
Thyme
Matthiola
Sour cherry
Rapeseed
Cumin
Rockcress
 
Answer Stats
Answer % Correct
Cabbage
100%
Cauliflower
79%
Kale
79%
Broccoli
75%
Burssels sprout
75%
Chinese cabbage
71%
Collard
67%
Horseradish
54%
Black mustard
50%
White mustard
50%
Common radish
46%
Rockcress
42%
Rapeseed
38%
Turnip
38%
Candytuft (Iberis)
21%
Matthiola
21%
No matching quizzes found
Score Distribution
Percent of People with Each Score
Percentile by Number Answered
Your Score History
You have not taken this quiz